| 000 | 00900cab a22002535a 4500 | ||
|---|---|---|---|
| 001 | L144192 | ||
| 008 | 080703e20080607xxkod f s 000 0 eng d | ||
| 035 | _a(Sirsi) u144192 | ||
| 041 | 0 | _aeng | |
| 110 | 2 |
_aEstates Gazette _9298 |
|
| 245 | 0 | 0 |
_aEG _bindustrial (supplement) |
| 260 | _c2008 | ||
| 490 |
_aEstates Gazette _v(822) 7 June 2008 (supplement) |
||
| 520 | _aLook at the industrial sector, including commentary on Wal-mart's attempt to sell its Gazely business; discussion on the need for more power stations; comment on the impact of sustainability and case studies featuring India and China. | ||
| 651 | 4 |
_aUnited Kingdom _y |
|
| 690 | _aBUILT ENVIRONMENT-BUILDING TYPES-INDUSTRIAL FACILITIES | ||
| 700 | 1 | _aWallace, James | |
| 700 | 1 | _aHarris, David | |
| 700 | 1 | _aNeale, Jon | |
| 700 | 1 | _aMorrison, Adrian | |
| 700 | 1 | _aNorman, Paul | |
| 700 | 1 | _aClift, Patrick | |
| 942 | _n0 | ||
| 999 |
_c80377 _d80377 |
||